|
|
|
|
| LEADER |
00000nab a2200000 a 4500 |
| 001 |
vtls000153929 |
| 003 |
SK-MaSNL |
| 005 |
20260302202321.0 |
| 008 |
111104c1983 xo 0 slo |
| 015 |
|
|
|a SNBRB19rr/mm-uuuuu
|
| 035 |
|
|
|a CL0164036
|
| 040 |
|
|
|a SNKBUCL
|b slo
|c SNKBUCL
|e AACR2
|
| 041 |
0 |
|
|a slo
|
| 044 |
|
|
|a xo
|c SK
|
| 080 |
|
|
|a 1 100.374.2
|2 1981
|
| 080 |
|
|
|a 1 100.582.3
|2 1981
|
| 080 |
|
|
|a 330.342.15
|2 1981
|
| 100 |
1 |
|
|a Košnár, Jozef
|4 aut
|9 277683
|
| 245 |
1 |
0 |
|a Technologický spôsob výroby v rozvinutej socialistickej spoločnosti
|c Jozef Košnár
|
| 650 |
0 |
7 |
|a socialistické a komunistické spoločnosti
|2 snkbucl
|9 162519
|
| 650 |
0 |
7 |
|a výroba
|2 snkbucl
|9 15916
|
| 655 |
|
7 |
|a články z novín a časopisov
|2 snkbucl
|9 267496
|
| 773 |
0 |
|
|t Pravda
|g Roč. 64, č. 85 (12. 4. 1983), s. 4
|
| 850 |
|
|
|a Slovenská národná knižnica v Martine
|a MTA001
|
| 852 |
|
|
|a SNK
|b KIS3GCP
|
| 958 |
|
|
|a RK
|
| 992 |
|
|
|a RBX
|
| 999 |
|
|
|c 1464355
|d 1466285
|